000 00914nam a2200277Ia 4500
003 OSt
005 20220928121414.0
006 a|||||r|||| 00| 0
007 ta
008 220927b |||||||| |||| 00| 0 eng d
020 _c2131.7336
024 _a119325
037 _b109, 28/08/2013, Classic Book Service
_cTextual
040 _aSDCL
_cSDCL
_beng
041 _2eng
_aeng
082 _aY15-49(X)'P, Q3
100 _aKabeer Naila
_9354957
245 0 _aOrganizing women workers in the informal economy
_b Beyond the weapons of the weak.
260 _aLondon
_bZed Books
_c2013
300 _axii;299p.
_ccm.
650 _aPolitical Science
700 _a Milward Kirsty Ed.
_9452015
700 _a Sudarshan Ratna
_9452016
942 _hY15-49(X)'P, Q3
_cTEXL
_2CC
999 _c765997
_d765997